MAASAI MARA UNIVERSITY

LIBRARY CATALOGUE

Contact Us: +254 020 2685356/7 or 0774 057787

Box: 861-20500, NAROK, KENYA

Email: info@mmarau.ac.ke

_Energy for Rural Livelihoods Framework for sustainable Decision Making Yacob Mulugetta (Record no. 8413)

MARC details
000 -LEADER
fixed length control field 00508nam a2200157Ia 4500
008 - FIXED-LENGTH DATA ELEMENTS--GENERAL INFORMATION
fixed length control field 151021s9999 xx 000 0 und d
020 ## - INTERNATIONAL STANDARD BOOK NUMBER
International Standard Book Number 1853394874
050 ## - LIBRARY OF CONGRESS CALL NUMBER
Classification number HG 178.3 .N498 2005
245 ## - TITLE STATEMENT
Title _Energy for Rural Livelihoods Framework for sustainable Decision Making Yacob Mulugetta
260 ## - PUBLICATION, DISTRIBUTION, ETC. (IMPRINT)
Place of publication, distribution, etc. UK ITDG Publishing 2005
300 ## - PHYSICAL DESCRIPTION
Extent xiii;151p.
500 ## - GENERAL NOTE
General note Includes Index
650 ## - SUBJECT ADDED ENTRY--TOPICAL TERM
Topical term or geographic name as entry element _A Frame Work Sustainable Decision Making
700 ## - ADDED ENTRY--PERSONAL NAME
Personal name _Alison Doig
980 ## - EQUIVALENCE OR CROSS-REFERENCE-SERIES STATEMENT--PERSONAL NAME/TITLE [LOCAL, CANADA]
Personal name ^d20120112 04:13:27^okorir

No items available.

© 2016 Maasai Mara University.